| 000 | 01074nam a22002535a 4500 | ||
|---|---|---|---|
| 003 | OSt | ||
| 005 | 20170218100420.0 | ||
| 008 | 170216s2014 ua frb 000 0 ara d | ||
| 015 | _a2014 / 23337 | ||
| 020 | _a9789777325240 | ||
| 040 |
_aEG-ScBUE _bara _cEG-ScBUE |
||
| 043 | _af-ua--- | ||
| 082 | 0 | 4 |
_a344.6201891 _bا س ب _222 |
| 100 | 1 | _aاسبيرو، مدحت جورجي. | |
| 245 | 1 | 2 |
_aالمشكلات العملية للقاضي والمتقاضي في تطبيق قانون العمل : _bوفقا لأحداث أحكام النقض في مشاكل رصيد الاجازات والفصل التعسفي / _cإعداد مدحت جورجي اسبيرو. |
| 260 |
_aالقاهرة : _b[د. ن.]، _c2014. |
||
| 300 |
_a338 ص. ؛ _c24 سم. |
||
| 504 | _aيشتمل على إرجاعات ببليوجرافية. | ||
| 650 | 7 |
_aالعمل والعمال _xقوانين وتشريعات _zمصر. _2BUEsh _910938 |
|
| 650 | 7 |
_aعقود العمل _xقوانين وتشريعات _zمصر. _2BUEsh |
|
| 651 | _2BUEsh | ||
| 653 |
_bLLAAWW _cFebruary2017 |
||
| 942 | _2ddc | ||
| 999 |
_c24183 _d24155 |
||